000 00513nam a2200193Ia 4500
003 IN-BaIIA
008 211028s9999 xx 000 0 eng d
020 _a07-094118-1
040 _cIIA Library
080 _a530.145
_bCAS
100 _aCassels, J. M
_97942
245 0 _aBasic quantum mechanics
_cJ. M. Cassels
260 _aLondon
_bMcGraw-Hill
_c1970
300 _aviii, 184p.
490 _aEuropean physics series
650 _a Quantum mechanics
_97943
650 _aNASA Thesaurus 
_97944
942 _cBK
999 _c4521
_d4521